LEADER 04891nam 2200649Ia 450 001 9910779507703321 005 20200520144314.0 010 $a1-61122-889-1 035 $a(CKB)2550000001041161 035 $a(EBL)3018128 035 $a(SSID)ssj0000835112 035 $a(PQKBManifestationID)11412042 035 $a(PQKBTitleCode)TC0000835112 035 $a(PQKBWorkID)10989573 035 $a(PQKB)10941746 035 $a(MiAaPQ)EBC3018128 035 $a(Au-PeEL)EBL3018128 035 $a(CaPaEBR)ebr10659050 035 $a(OCoLC)832313999 035 $a(EXLCZ)992550000001041161 100 $a20090820d2010 uy 0 101 0 $aeng 135 $aurcn||||||||| 181 $ctxt 182 $cc 183 $acr 200 00$aComputational mechanics research trends$b[electronic resource] /$fHans P. Berger, editor 210 $aHauppauge, N.Y. $cNova Science Publishers$dc2010 215 $a1 online resource (608 p.) 225 0 $aComputer science, technology and applications 300 $aDescription based upon print version of record. 311 $a1-60876-057-X 320 $aIncludes bibliographical references and index. 327 $a""COMPUTATIONAL MECHANICS""; ""COMPUTATIONAL MECHANICS""; ""CONTENTS ""; ""PREFACE ""; ""A NATURAL NEIGHBOUR METHOD BASEDON FRAEIJS DE VEUBEKE VARIATIONAL PRINCIPLE""; ""Abstract""; ""Introduction""; ""Virtual Work Principle""; ""Approximation of the Displacement Field""; ""Discretized Virtual Work Principle""; ""Linear Elastic Theory""; ""The Fraeijs de Veubeke Functional""; ""The Fraeijs de Veubeke Variational Principle""; ""Domain Decomposition and Discretization""; ""Equations Deduced from the Fraeijs de Veubeke Variational Principle""; ""Matrix Notation""; ""Numerical Integration"" 327 $a""Patch Tests""""Application to Pure Bending""; ""Application to a Square Membrane with a Circular Hole""; ""Extention to non Linear Materials""; ""Variational Equation""; ""Domain Decomposition and Discretization""; ""Matrix Notation""; ""Solution of the Matrix Equations""; ""Elasto-plastic Material with von Mises Linear Hardening""; ""Patch Tests""; ""Pure Bending of a Beam""; ""Square Membrane with a Circular Hole""; ""Extention to Linear Fracture Mechanics""; ""Introduction""; ""Domain Decomposition and Discretization""; ""Solution of the Equation System""; ""Patch Tests"" 327 $a""Translation Tests""""Mode 1 Tests""; ""Mode 2 Tests""; ""Bar with a Single Edge Crack""; ""Conclusions""; ""Annex 1: Construction of the Voronoi Cells""; ""Case of a Convex Domain""; ""Case of a non Convex Domain""; ""Annex.2: Laplace Interpolant""; ""Case of a Point X Inside the Domain""; ""Case of a Point X on the Domain Contour""; ""Annex 3. Particular Case of a Regular Grid of Nodes""; ""Laplace Interpolant""; ""Case 1: X between A and B""; ""Case 2: X between B and C""; ""Case 3: X between C and D""; ""Annex 4. Introduction of the Hypotheses in the FdV Principle"" 327 $a""Annex 5. Analytical Calculation of []V and[]""""References""; ""NUMERICAL AND THEORETICAL INVESTIGATIONS OF THE TENSILE FAILURE OF SHRUNK CEMENT-BASED COMPOSITES""; ""Abstract""; ""1. Introduction""; ""1.1. Characteristics of Shrunk Concrete""; ""1.2. Algorithm to Produce a Shrunk Specimen""; ""1.3. Lattice-Type Modeling of Concrete""; ""1.4. Paper Structure""; ""2. GB Lattice Model""; ""3. Method to Simulate Mismatch Deformation Due to Matrix Uniform Shrinkage""; ""4. Global Numerical Procedure""; ""4.1. Mohr-Coulomb Criterion""; ""4.2. Event-By-Event Algorithm"" 327 $a""5. Theoretical Analyses of Influences of Pre-stressed Field""""6. Numerical Examples and Discussions""; ""6.1. Production of Shrunk Specimens""; ""6.2. Tensile Examples on Specimens without the Shrinkage-Induced Stress:Case 1 and Case 2""; ""6.3. Analysis of a Typical Case for Shrunk Specimens: Case 3""; ""6.4. Influence of the Shrinkage Rate: Case 3-5""; ""7. Conclusions""; ""Acknowledgments""; ""References""; ""RECENT ADVANCES IN THE STATIC ANALYSIS OF STIFFENED PLATES APPLICATION TO CONCRETE OR TO COMPOSITE STEEL-CONCRETE STRUCTURES""; ""Abstract""; ""Introduction"" 327 $a""Statement of the Problem"" 410 0$aComputer Science, Technology and Applications 606 $aMaterials$xMathematical models 606 $aMaterials$xComputer simulation 606 $aMechanical engineering$xMathematics 606 $aMechanics, Analytic 615 0$aMaterials$xMathematical models. 615 0$aMaterials$xComputer simulation. 615 0$aMechanical engineering$xMathematics. 615 0$aMechanics, Analytic. 676 $a621.01/51 701 $aBerger$b Hans P$01481254 801 0$bMiAaPQ 801 1$bMiAaPQ 801 2$bMiAaPQ 906 $aBOOK 912 $a9910779507703321 996 $aComputational mechanics research trends$93698111 997 $aUNINA LEADER 03644nam 2200637 a 450 001 9910967593203321 005 20251117080342.0 010 $a1-61470-065-6 035 $a(CKB)2670000000149451 035 $a(EBL)3019446 035 $a(SSID)ssj0000690140 035 $a(PQKBManifestationID)12277266 035 $a(PQKBTitleCode)TC0000690140 035 $a(PQKBWorkID)10620522 035 $a(PQKB)10658746 035 $a(MiAaPQ)EBC3019446 035 $a(Au-PeEL)EBL3019446 035 $a(CaPaEBR)ebr10671011 035 $a(OCoLC)923660878 035 $a(BIP)27228406 035 $a(EXLCZ)992670000000149451 100 $a20090608d2009 uy 0 101 0 $aeng 135 $aur|n|---||||| 181 $ctxt 182 $cc 183 $acr 200 00$aHypertension, heredity and stroke /$fCristina Moratinos and Bruno Ca?rdenas, editors 205 $a1st ed. 210 $aNew York $cNova Biomedical Books$dc2009 215 $a1 online resource (193 p.) 225 1 $aCerebrovascular research and disorders series 300 $aDescription based upon print version of record. 311 08$a1-60741-496-1 320 $aIncludes bibliographical references and index. 327 $aGenetics of intracerebral hemorrhage / Alessandro Pezzini ... [et al.] -- Primary arterial hypertension in obese children as a risk factor of the development of premature atherosclerosis / Maria Hanna Kniaz?ewska, Anna Karolina Obuchowicz -- On the existing relationships between the physical activity, tobacco consumption, body composition and socioeconomic status as a function of the blood pressure among Spanish adolescents / Cordente Marti?nez ... [et al.] -- Ambulatory blood pressure monitoring in children with glomerular kidney disease / Piotr Skrzypczyk ... [et al.] -- Surgical palliative options for patients with hypoplastic left heart / Clifford L. Cua, Christopher L. Cua, and Lillian S. Lai -- Influence of heart rate on development of stroke among patients at risk for cerebrovascular disease / Basil N. Okeahialam, Ayuba I. Zoakah -- Standards and pitfalls regarding the SHR model in genetic hypertension and stroke / Hiroshi Yao and Toru Nabika -- Hypertensive children have lower bone mass than normotensive children / Afrooz Afghani -- Hypertension and obesity / Alfonso D. Torres and Colette A. Gushurst -- Arterial hypertension in children after the surgical repair of aortic coarctation / Tomasz Florianczyk ... [et al.] -- Problems of methodology and interpretation of ambulatory blood pressure monitoring in children / Tomasz Florianczyk, Bozena Werner -- Genetic studies in pediatric stroke / Natasa Marcun Varda and Alojz Gregoric. 330 $aCurrent research on the relationship between heart rate & stroke is examined in this volume. The etiology of paediatric stroke is also discussed, as is arterial hypertension and cardiovascular complications in patients with glomerular kidney disease. 410 0$aCerebrovascular research and disorders series. 606 $aCerebrovascular disease in children 606 $aCerebrovascular disease 606 $aHypertension in children 606 $aHypertension 615 0$aCerebrovascular disease in children. 615 0$aCerebrovascular disease. 615 0$aHypertension in children. 615 0$aHypertension. 676 $a618.92/81 701 $aMoratinos$b Cristina$01867505 701 $aCa?rdenas$b Bruno$01867506 801 0$bMiAaPQ 801 1$bMiAaPQ 801 2$bMiAaPQ 906 $aBOOK 912 $a9910967593203321 996 $aHypertension, heredity and stroke$94475102 997 $aUNINA